[Event "Basel op"]
[Site "Basel"]
[Date "2016.01.03"]
[Round "4"]
[White "Berset, Philippe"]
[Black "Faraone, Ettore"]
[Result "1-0"]
[WhiteElo "2104"]
[BlackElo "2059"]
[PlyCount "73"]
[EventDate "2016.01.01"]
[EventType "swiss"]
[EventRounds "7"]
[EventCountry "SUI"]
[SourceTitle "CBM 170 Extra"]
[Source "ChessBase"]
[SourceDate "2016.02.25"]
[SourceVersion "1"]
[SourceVersionDate "2016.02.25"]
[SourceQuality "1"]

1. e4 c5 2. Nf3 a6 3. Nc3 d6 4. d4 cxd4 5. Nxd4 Nc6 6. g3 Bd7 7. Bg2 g6 8. 0-0 Bg7 9. Nde2 Nf6 10. h3 Rc8 11. Rb1 b5 12. Be3 0-0 13. Nd5 Nxd5 14. exd5 Ne5 15. Bd4 Bf5 16. Rc1 Qa5 17. f4 Nc4 18. Bxg7 Kxg7 19. Qd4+ Kg8 20. g4 Bd7 21. b3 Na3 22. c3 Qc7 23. Kh2 e5 24. dxe6 fxe6 25. Rfd1 d5 26. Kh1 a5 27. Rf1 Qd6 28. f5 b4 29. c4 Qe7 30. fxe6 Bxe6 31. Nf4 Nb5 32. cxb5 Rxc1 33. Rxc1 Qg5 34. Rf1 Bf7 35. Nxd5 Be6 36. Nf6+ Rxf6 37. Qxf6 1-0

[Event "Basel op"]
[Site "Basel"]
[Date "2016.01.01"]
[Round "1"]
[White "Riff, Jean Noel"]
[Black "Berset, Philippe"]
[Result "1-0"]
[WhiteElo "2512"]
[BlackElo "2104"]
[PlyCount "99"]
[EventDate "2016.01.01"]
[EventType "swiss"]
[EventRounds "7"]
[EventCountry "SUI"]
[SourceTitle "CBM 170 Extra"]
[Source "ChessBase"]
[SourceDate "2016.02.25"]
[SourceVersion "1"]
[SourceVersionDate "2016.02.25"]
[SourceQuality "1"]

1. e4 e6 2. d4 d5 3. Nc3 Bb4 4. Nge2 dxe4 5. a3 Bxc3+ 6. Nxc3 Nc6 7. d5 exd5 8. Qxd5 Qe7 9. Bb5 Bd7 10. Qxe4 0-0-0 11. Be3 Qxe4 12. Nxe4 Nge7 13. 0-0-0 Nf5 14. Bf4 Ncd4 15. Bd3 Ne6 16. Bd2 Bc6 17. Ng5 Nd6 18. Nxe6 fxe6 19. f3 Bb5 20. Bg5 Rde8 21. Rhe1 Bxd3 22. Rxd3 Rhf8 23. Bd2 Rf7 24. Bc3 Nf5 25. Be5 Rd7 26. Rc3 g6 27. Rc4 Ne7 28. b3 Nc6 29. Bc3 Rd5 30. Rh4 h5 31. Bb2 Rg5 32. Re2 Rd5 33. Rhe4 Rd6 34. c4 Nd8 35. Rf4 Re7 36. Be5 Rb6 37. Rf8 Rf7 38. Rg8 Rxb3 39. Rd2 Rd7 40. Bf6 Rbd3 41. Rxd3 Rxd3 42. Kc2 Rd7 43. g4 hxg4 44. fxg4 c6 45. h4 Kc7 46. Rxg6 Rh7 47. h5 Nf7 48. g5 Kd6 49. h6 b5 50. Rg7 1-0

[Event "SUI-chT"]
[Site "Switzerland"]
[Date "2015.04.26"]
[Round "3.8"]
[White "Berset, Philippe"]
[Black "Vuilleumier, Alexandre"]
[Result "0-1"]
[WhiteElo "2159"]
[BlackElo "2356"]
[PlyCount "166"]
[EventDate "2015.03.29"]
[EventType "team-tourn"]
[EventRounds "9"]
[EventCountry "SUI"]
[SourceTitle "EXT 2016"]
[Source "ChessBase"]
[SourceDate "2015.10.08"]
[SourceVersion "1"]
[SourceVersionDate "2015.10.08"]
[SourceQuality "1"]
[WhiteTeam "Neuchatel"]
[BlackTeam "Geneve"]
[WhiteTeamCountry "SUI"]
[BlackTeamCountry "SUI"]

1. e4 c5 2. Nf3 d6 3. Bb5+ Bd7 4. Bxd7+ Qxd7 5. 0-0 Nf6 6. e5 dxe5 7. Nxe5 Qc8 8. Qf3 e6 9. Nc3 Nbd7 10. Nc4 Nb6 11. Nxb6 axb6 12. d3 Qc6 13. Qxc6+ bxc6 14. b3 Bd6 15. Bb2 Be5 16. Rfe1 Bd4 17. Nd1 Nd5 18. c3 Bf6 19. c4 Nb4 20. Bxf6 gxf6 21. Re2 Ke7 22. Nc3 Rhd8 23. Na4 Rab8 24. Rd1 Rxd3 25. Rxd3 Nxd3 26. Rd2 Ne5 27. Kf1 Nd7 28. Rc2 Rg8 29. Rc3 Rg4 30. Rh3 b5 31. Nb2 Nf8 32. a4 Rd4 33. Ke2 Ng6 34. Rxh7 Nf4+ 35. Kf3 Nd3 36. Nxd3 Rxd3+ 37. Ke2 Rxb3 38. cxb5 cxb5 39. axb5 Rxb5 40. Rh8 f5 41. f4 Rb2+ 42. Kf3 Rb3+ 43. Ke2 Kd6 44. Rd8+ Kc6 45. h4 c4 46. h5 Rb2+ 47. Kf3 Rb1 48. Rc8+ Kd5 49. Rd8+ Kc5 50. h6 Rh1 51. Rh8 Kd6 52. Rc8 Rxh6 53. Rxc4 Rh1 54. Rd4+ Ke7 55. Ra4 Kf6 56. Ra8 Rf1+ 57. Ke3 Rb1 58. Rc8 Rb3+ 59. Kf2 Rd3 60. Ra8 Ke7 61. Ra6 f6 62. Ra7+ Rd7 63. Ra5 Kd6 64. Kf3 Rc7 65. Ra3 Rc4 66. Rd3+ Ke7 67. Ra3 e5 68. fxe5 fxe5 69. Ra6 Rc3+ 70. Kf2 Rd3 71. Ke2 Rd6 72. Ra4 Kf6 73. Ke3 Rb6 74. Ra3 Kg5 75. Kf2 Rb2+ 76. Kf1 e4 77. Re3 Kf4 78. Rh3 Ra2 79. Rh4+ Ke3 80. Rh3+ Kd4 81. Rh4 Kd3 82. Rf4 Ra1+ 83. Kf2 e3+ 0-1

[Event "SUI-chT"]
[Site "Switzerland"]
[Date "2014.03.30"]
[Round "2.4"]
[White "Berset, Philippe"]
[Black "Borgo, Giulio"]
[Result "0-1"]
[WhiteElo "2132"]
[BlackElo "2420"]
[PlyCount "92"]
[EventDate "2014.03.16"]
[EventType "team-tourn"]
[EventRounds "9"]
[EventCountry "SUI"]
[SourceTitle "EXT 2015"]
[Source "ChessBase"]
[SourceDate "2014.11.20"]
[SourceVersion "1"]
[SourceVersionDate "2014.11.20"]
[SourceQuality "1"]
[WhiteTeam "Neuchatel"]
[BlackTeam "Luzern"]
[WhiteTeamCountry "SUI"]
[BlackTeamCountry "SUI"]

1. e4 d6 2. d4 Nf6 3. Nc3 Nbd7 4. Nf3 e5 5. Bc4 Be7 6. 0-0 0-0 7. Qe2 c6 8. a4 a5 9. Rd1 Qc7 10. Ba2 exd4 11. Nxd4 Ne5 12. h3 Re8 13. f4 Ng6 14. Re1 d5 15. e5 Bb4 16. Be3 Nd7 17. Qf2 Ndf8 18. Nde2 Qe7 19. Rad1 Qh4 20. Qf3 Bf5 21. Nd4 Bd7 22. Nde2 Bf5 23. Rf1 Bxc2 24. Rc1 Bd3 25. Rfd1 Bf5 26. Nd4 Bd7 27. Bb1 Rad8 28. Rf1 Bc8 29. Nde2 Qe7 30. Kh1 Nh4 31. Qf2 Bf5 32. Nd4 Bxb1 33. Rxb1 c5 34. Ndb5 d4 35. Bc1 Nf5 36. Ne4 d3 37. Ned6 Nxd6 38. Nxd6 Rxd6 39. exd6 Qxd6 40. Be3 c4 41. Rbc1 Qd5 42. f5 Nd7 43. Qg3 Nf6 44. Bh6 Bf8 45. Bd2 Re2 46. Rf2 Ne4 0-1

[Event "Basel op"]
[Site "Basel"]
[Date "2014.01.02"]
[Round "3"]
[White "Berset, Philippe"]
[Black "Faibisovich, Vadim Z"]
[Result "0-1"]
[WhiteElo "2100"]
[BlackElo "2337"]
[PlyCount "120"]
[EventDate "2014.01.01"]
[EventType "swiss"]
[EventRounds "7"]
[EventCountry "SUI"]
[SourceTitle "CBM 158 Extra"]
[Source "ChessBase"]
[SourceDate "2014.02.28"]
[SourceVersion "1"]
[SourceVersionDate "2014.02.28"]
[SourceQuality "1"]

1. e4 c5 2. Nf3 Nc6 3. Bb5 g6 4. Bxc6 dxc6 5. d3 Bg7 6. h3 e5 7. Nc3 Ne7 8. Be3 b6 9. Qd2 h6 10. 0-0 Be6 11. a3 Qd7 12. Na4 Rd8 13. Qc3 Qc7 14. b4 cxb4 15. axb4 0-0 16. Nb2 f5 17. Nc4 fxe4 18. dxe4 Nd5 19. Qa3 Nf4 20. Ncd2 Rd7 21. Rfe1 g5 22. Nh2 Rdf7 23. Ndf1 Qc8 24. Ng3 Kh7 25. Qa6 Qd7 26. Rad1 Qe7 27. Qa4 Qc7 28. Rd2 Rd7 29. Red1 Rfd8 30. Qa1 Kg6 31. Qc3 h5 32. Rxd7 Rxd7 33. Rxd7 Qxd7 34. Qd2 Qxd2 35. Bxd2 h4 36. Ngf1 Ne2+ 37. Kh1 Nd4 38. Ne3 b5 39. Nhg4 Ba2 40. Kg1 Bb1 41. f3 Bxc2 42. Nxc2 Nxc2 43. Nf2 Bf8 44. Nd3 Bd6 45. Kf2 Nd4 46. g3 hxg3+ 47. Kxg3 Kh5 48. Be3 Ne2+ 49. Kh2 Nf4 50. Bc5 Bxc5 51. Nxc5 Kh4 52. Nd7 Nd3 53. Kg2 Nxb4 54. Nxe5 a5 55. Nd7 a4 56. e5 a3 57. Nc5 a2 58. Nb3 Nd3 59. f4 Nxf4+ 60. Kf3 Ne6 0-1

[Event "Paleochora op 6th"]
[Site "Paleochora"]
[Date "2013.07.23"]
[Round "6"]
[White "Korniotis, Filippos"]
[Black "Berset, Philippe"]
[Result "1/2-1/2"]
[WhiteElo "1872"]
[BlackElo "2129"]
[PlyCount "79"]
[EventDate "2013.07.19"]
[EventType "swiss"]
[EventRounds "9"]
[EventCountry "GRE"]
[SourceTitle "CBM 155 Extra"]
[Source "ChessBase"]
[SourceDate "2013.08.26"]
[SourceVersion "1"]
[SourceVersionDate "2013.08.26"]
[SourceQuality "1"]

1. d4 Nf6 2. Nf3 c5 3. e3 g6 4. c4 Bg7 5. Nc3 0-0 6. Be2 cxd4 7. exd4 d5 8. 0-0 Nc6 9. Bf4 dxc4 10. Bxc4 Nh5 11. Be3 Bg4 12. Bd5 e6 13. h3 exd5 14. hxg4 Nf6 15. g5 Ne4 16. Qa4 Nxc3 17. bxc3 Na5 18. Ne5 a6 19. f4 f6 20. gxf6 Rxf6 21. Rae1 Rc8 22. Bd2 Rf8 23. Qc2 Nc4 24. Nxc4 Rxc4 25. Qb1 Rc7 26. f5 gxf5 27. Rxf5 Rcf7 28. Rh5 Bf6 29. Bh6 Re8 30. Rxe8+ Qxe8 31. Rxd5 Qc6 32. Qe4 Bxd4+ 33. Qxd4 Qxh6 34. Rd8+ Rf8 35. Qd5+ Kh8 36. Qe5+ Kg8 37. Qd5+ Kh8 38. Qd4+ Kg8 39. Qg4+ Kh8 40. Qd4+ 1/2-1/2

[Event "Lenk op"]
[Site "Lenk"]
[Date "2011.04.25"]
[Round "7"]
[White "Krauseneck, Peter"]
[Black "Berset, Philippe"]
[Result "1-0"]
[WhiteElo "2248"]
[BlackElo "2096"]
[PlyCount "107"]
[EventDate "2011.04.21"]
[EventType "swiss"]
[EventRounds "7"]
[EventCountry "SUI"]
[SourceTitle "CBM 142 Extra"]
[Source "ChessBase"]
[SourceDate "2011.06.27"]
[SourceVersion "1"]
[SourceVersionDate "2011.06.27"]
[SourceQuality "1"]

1. e4 e6 2. d4 d5 3. Nc3 Bb4 4. e5 c5 5. a3 Bxc3+ 6. bxc3 Qa5 7. Bd2 cxd4 8. cxd4 Qa4 9. Qg4 Ne7 10. Bd3 h5 11. Qf4 b6 12. Nf3 Nbc6 13. 0-0 Ba6 14. Ng5 Nd8 15. Bxa6 Qxa6 16. a4 Qc4 17. c3 Nf5 18. h3 Nc6 19. Qf3 Na5 20. Ra3 Qc7 21. Bc1 Nc4 22. Ra2 Rc8 23. Rd1 Qd7 24. Rd3 Na5 25. Qd1 Qc6 26. g4 hxg4 27. hxg4 Nh6 28. Rh3 Qc4 29. Ra3 Nc6 30. Bd2 Kd7 31. Kg2 f6 32. exf6 gxf6 33. Nxe6 Nf7 34. Rxh8 Rxh8 35. Nf4 Na5 36. Qb1 Nd6 37. f3 Kc6 38. Be1 Re8 39. Bf2 Kb7 40. Qh7+ Ka6 41. Qd7 Nab7 42. a5 bxa5 43. Ne6 Rxe6 44. Qxe6 Qb5 45. Ra1 Qb2 46. Re1 a4 47. Qxd5 a3 48. Qc6+ Ka5 49. Qd5+ Ka4 50. Qc6+ Ka5 51. c4 a2 52. c5 Nc4 53. Qe6 Nd2 54. c6 1-0

[Event "Lenk op"]
[Site "Lenk"]
[Date "2011.04.23"]
[Round "4"]
[White "Berset, Philippe"]
[Black "Raetsky, Alexander"]
[Result "1/2-1/2"]
[WhiteElo "2096"]
[BlackElo "2430"]
[PlyCount "35"]
[EventDate "2011.04.21"]
[EventType "swiss"]
[EventRounds "7"]
[EventCountry "SUI"]
[SourceTitle "CBM 142 Extra"]
[Source "ChessBase"]
[SourceDate "2011.06.27"]
[SourceVersion "1"]
[SourceVersionDate "2011.06.27"]
[SourceQuality "1"]

1. e4 c5 2. Nf3 d6 3. Bb5+ Nd7 4. d4 Ngf6 5. Nc3 cxd4 6. Qxd4 e5 7. Qd3 h6 8. Be3 Be7 9. Bc4 0-0 10. Nh4 d5 11. exd5 e4 12. Qd2 Ne5 13. Be2 Nfg4 14. g3 Bxh4 15. gxh4 Qxh4 16. 0-0-0 Bf5 17. Kb1 Nxe3 18. fxe3 1/2-1/2

[Event "Calvi Balagne op 07th"]
[Site "Calvi"]
[Date "2010.04.27"]
[Round "4"]
[White "Berset, Philippe"]
[Black "Luciani, Thibault"]
[Result "1/2-1/2"]
[WhiteElo "2121"]
[BlackElo "1861"]
[PlyCount "128"]
[EventDate "2010.04.25"]
[EventType "swiss"]
[EventRounds "9"]
[EventCountry "FRA"]
[SourceTitle "CBM 136 Extra"]
[Source "ChessBase"]
[SourceDate "2010.07.02"]
[SourceVersion "2"]
[SourceVersionDate "2010.07.15"]
[SourceQuality "1"]

1. c4 Nf6 2. g3 c6 3. Bg2 d5 4. Nf3 e6 5. 0-0 Bd6 6. d4 0-0 7. Nbd2 Nbd7 8. Qc2 e5 9. dxe5 Nxe5 10. Nxe5 Bxe5 11. Nf3 Bd6 12. cxd5 cxd5 13. h3 Be6 14. Nd4 Qb6 15. Be3 Rfc8 16. Qd3 Bc5 17. Rab1 Nd7 18. b4 Bxd4 19. Bxd4 Qd6 20. Rfd1 Ne5 21. Bxe5 Qxe5 22. Rbc1 g6 23. Qd2 Rxc1 24. Rxc1 Rd8 25. Rd1 b6 26. e3 Rc8 27. Kh2 Qc3 28. Bxd5 Qxd2 29. Rxd2 Bxd5 30. Rxd5 Rc2 31. Kg2 Rxa2 32. b5 Rb2 33. Kf3 Kg7 34. e4 a5 35. bxa6 Ra2 36. Rd6 Rxa6 37. h4 h5 38. Kf4 Ra2 39. f3 Rb2 40. e5 Rb3 41. Rd7 Rb4+ 42. Kg5 Rb5 43. Kf4 Rb4+ 44. Ke3 Rb3+ 45. Ke4 Rb4+ 46. Kd5 Rb3 47. Ke4 Rb4+ 48. Ke3 Rb3+ 49. Kf4 Rb4+ 50. Kg5 Rb5 51. Re7 Rb3 52. Kf4 Rb4+ 53. Ke3 Rb3+ 54. Ke4 Rb4+ 55. Kd5 Rb3 56. f4 Kf8 57. Rb7 Rd3+ 58. Ke4 Rxg3 59. Rxb6 Rg1 60. Rb8+ Ke7 61. Rb7+ Ke8 62. Rb8+ Ke7 63. Rb7+ Ke8 64. Rb8+ Ke7 1/2-1/2

[Event "Lausanne op"]
[Site "Lausanne"]
[Date "2006.09.16"]
[Round "2"]
[White "Gallagher, Joseph G"]
[Black "Berset, Philippe"]
[Result "1-0"]
[WhiteElo "2516"]
[BlackElo "2144"]
[PlyCount "77"]
[EventDate "2006.09.15"]
[EventType "swiss"]
[EventRounds "7"]
[EventCountry "SUI"]
[SourceTitle "CBM 114 Extra"]
[Source "ChessBase"]
[SourceDate "2006.11.03"]
[SourceVersion "1"]
[SourceVersionDate "2006.11.03"]
[SourceQuality "1"]

1. e4 e6 2. d4 d5 3. Nd2 Nf6 4. e5 Nfd7 5. c3 c5 6. Bd3 Nc6 7. Ngf3 g6 8. h4 Be7 9. 0-0 a5 10. Re1 cxd4 11. cxd4 Qb6 12. Qa4 Qb4 13. Qc2 Nxd4 14. Nxd4 Qxd4 15. Nf3 Qg4 16. Bb5 0-0 17. Qc7 Bd8 18. Qd6 Qb4 19. Bh6 Be7 20. Qxb4 Bxb4 21. Rec1 b6 22. Rc7 Nxe5 23. Nxe5 Bd6 24. Nd7 Bxc7 25. Nxf8 Be5 26. Rb1 Bd6 27. Nd7 Bxd7 28. Bxd7 Rd8 29. Rc1 Bc5 30. Bb5 f6 31. a3 Kf7 32. Bd2 e5 33. Bxa5 Bxf2+ 34. Kxf2 bxa5 35. Rc7+ Ke6 36. Rxh7 e4 37. Ke3 Ke5 38. Re7+ Kf5 39. Bd7+ 1-0

[Event "Geneve op2"]
[Site "Geneve"]
[Date "2005.04.01"]
[Round "2"]
[White "Vuilleumier, Alexandre"]
[Black "Berset, Philippe"]
[Result "1-0"]
[WhiteElo "2280"]
[BlackElo "2166"]
[PlyCount "67"]
[EventDate "2005.03.31"]
[EventType "swiss"]
[EventRounds "7"]
[EventCountry "SUI"]
[SourceTitle "CBM 105 Extra"]
[Source "ChessBase"]
[SourceDate "2005.05.01"]
[SourceVersion "1"]
[SourceVersionDate "2005.05.01"]
[SourceQuality "1"]

1. Nf3 e6 2. g3 Nf6 3. Bg2 Be7 4. 0-0 0-0 5. d4 d5 6. c4 dxc4 7. Na3 Bxa3 8. bxa3 Nc6 9. Bb2 Nd5 10. Qc2 Nb6 11. Rad1 Bd7 12. e4 Ne7 13. Rd2 Kh8 14. Re1 f6 15. Nh4 Rb8 16. f4 Ba4 17. Qc1 Bc6 18. Bh3 Bd7 19. Ng2 Qe8 20. Ne3 Qh5 21. Bf1 f5 22. Nxc4 Nxc4 23. Qxc4 c6 24. a4 fxe4 25. Ba3 Rf7 26. Bxe7 Rxe7 27. Rxe4 Qd5 28. Qc2 b5 29. axb5 cxb5 30. Re5 Qb7 31. Bd3 Rc8 32. Rc5 Rxc5 33. Qxc5 Qd5 34. Qxe7 1-0

[Event "Lausanne op"]
[Site "Lausanne"]
[Date "2003.??.??"]
[Round "7"]
[White "Berset, Philippe"]
[Black "Lamoureux, Charles"]
[Result "1/2-1/2"]
[WhiteElo "2214"]
[BlackElo "2379"]
[PlyCount "44"]
[EventDate "2003.05.??"]
[EventType "swiss"]
[EventRounds "7"]
[EventCountry "SUI"]
[SourceTitle "EXT 2005"]
[Source "ChessBase"]
[SourceDate "2004.11.15"]
[SourceVersion "1"]
[SourceVersionDate "2004.11.15"]
[SourceQuality "1"]

1. c4 g6 2. g3 Bg7 3. Bg2 e5 4. Nc3 d6 5. d3 Nd7 6. e4 Ne7 7. Nge2 0-0 8. 0-0 Nc5 9. Nd5 c6 10. Nxe7+ Qxe7 11. b4 Ne6 12. Rb1 f5 13. exf5 gxf5 14. f4 Kh8 15. Kh1 Qe8 16. Bb2 Bd7 17. Qc2 Qh5 18. c5 Rf6 19. Bf3 Qh3 20. Bg2 Qh5 21. Bf3 Qh3 22. Bg2 Qh5 1/2-1/2

[Event "Bern Ambassador op"]
[Site "Bern"]
[Date "1998.12.29"]
[Round "5"]
[White "Oral, Tomas"]
[Black "Berset, Philippe"]
[Result "1/2-1/2"]
[WhiteElo "2510"]
[BlackElo "2185"]
[PlyCount "111"]
[EventDate "1998.12.??"]
[EventType "swiss"]
[EventRounds "7"]
[EventCountry "SUI"]
[SourceTitle "EXT 2000"]
[Source "ChessBase"]
[SourceDate "1999.11.16"]
[SourceVersion "1"]
[SourceVersionDate "1999.11.16"]
[SourceQuality "1"]

1. e4 c5 2. Nf3 Nc6 3. Bb5 e6 4. Bxc6 bxc6 5. d3 Ne7 6. Nh4 Ng6 7. Nxg6 hxg6 8. e5 Qh4 9. Na3 Rb8 10. Qe2 Ba6 11. h3 Be7 12. 0-0 f6 13. Nc4 Bxc4 14. dxc4 Qh5 15. Re1 Qxe2 16. Rxe2 Rh4 17. f4 fxe5 18. fxe5 Rxc4 19. b3 Rh4 20. Bd2 Rh5 21. Re4 Bd8 22. Rae1 c4 23. Rxc4 Rb5 24. Rce4 Bh4 25. R1e2 Bg3 26. R2e3 Rd5 27. Rxg3 Rxd2 28. Rxg6 Kf7 29. Rg3 Rxc2 30. Rd4 Rxe5 31. Rxd7+ Kf6 32. Rgxg7 Re1+ 33. Kh2 Rxa2 34. Rxa7 Rxa7 35. Rxa7 Rb1 36. Rb7 c5 37. Rb5 Rc1 38. Kg3 e5 39. Kg4 Rc2 40. Rb6+ Ke7 41. g3 Rb2 42. h4 c4 43. Rb5 c3 44. Rxe5+ Kd6 45. Re1 Rxb3 46. h5 Rb8 47. Kg5 c2 48. Rc1 Rg8+ 49. Kh4 Rc8 50. g4 Ke6 51. Kg5 Rg8+ 52. Kh4 Rc8 53. h6 Kf6 54. g5+ Kg6 55. Kg4 Rc4+ 56. Kg3 1/2-1/2

[Event "Biel MTO op"]
[Site "Biel"]
[Date "1996.??.??"]
[Round "5"]
[White "Bucher, Denis"]
[Black "Berset, Philippe"]
[Result "1-0"]
[WhiteElo "2080"]
[BlackElo "2185"]
[PlyCount "77"]
[EventDate "1996.07.??"]
[EventType "swiss"]
[EventRounds "11"]
[EventCountry "SUI"]
[SourceTitle "EXT 1998"]
[Source "ChessBase"]
[SourceDate "1997.11.17"]
[SourceVersion "1"]
[SourceVersionDate "1997.11.17"]
[SourceQuality "1"]

1. e4 c5 2. Nf3 e6 3. d4 cxd4 4. Nxd4 Nc6 5. Nb5 d6 6. c4 Nf6 7. N1c3 a6 8. Na3 b6 9. Be3 Bb7 10. f3 Be7 11. Qd2 0-0 12. Nc2 Rc8 13. b3 Re8 14. Be2 Qc7 15. 0-0 Bf8 16. Rfd1 Ne5 17. Na4 Ned7 18. Rac1 Nc5 19. Nc3 Ncd7 20. Nd4 Qb8 21. Na4 d5 22. e5 Nxe5 23. Nxb6 Rcd8 24. c5 Qc7 25. b4 Nc6 26. Nxc6 Qxc6 27. a4 d4 28. Bg5 Qc7 29. Qc2 e5 30. Bxf6 gxf6 31. Bd3 Bh6 32. Rb1 Be3+ 33. Kh1 h5 34. Be4 h4 35. Nc4 Bd5 36. Bxd5 Rxd5 37. Nxe3 Red8 38. Nf5 h3 39. Qe4 1-0

[Event "Geneve op"]
[Site "Geneve"]
[Date "1995.??.??"]
[Round "4"]
[White "Wojtkiewicz, Aleksander"]
[Black "Berset, Philippe"]
[Result "1-0"]
[WhiteElo "2530"]
[BlackElo "2205"]
[PlyCount "56"]
[EventDate "1995.??.??"]
[EventType "swiss"]
[EventRounds "9"]
[EventCountry "SUI"]
[SourceTitle "CBM 046 Extra"]
[Source "ChessBase"]
[SourceDate "1995.07.01"]
[SourceVersion "1"]
[SourceVersionDate "1995.07.01"]
[SourceQuality "1"]

1. Nf3 Nf6 2. c4 e6 3. g3 d5 4. d4 Be7 5. Bg2 0-0 6. Qc2 dxc4 7. Qxc4 Bd7 8. 0-0 Bc6 9. Nc3 a6 10. Qd3 b5 11. Bg5 Nbd7 12. a3 Bb7 13. b4 a5 14. Qxb5 axb4 15. Qxb7 bxc3 16. Qc6 Rxa3 17. Rxa3 Bxa3 18. Qxc3 Be7 19. Qc6 h6 20. Bd2 Qb8 21. Bf4 Rc8 22. Qc2 Nd5 23. Bc1 Qb7 24. Bd2 c5 25. dxc5 Bxc5 26. e3 N7b6 27. Qd3 Qa7 28. Qb3 Ra8 1-0